MARC details
| 000 -LEADER |
| fixed length control field |
01462cam a2200361 a 4500 |
| 001 - CONTROL NUMBER |
| control field |
13625570 |
| 003 - CONTROL NUMBER IDENTIFIER |
| control field |
GZU |
| 005 - DATE AND TIME OF LATEST TRANSACTION |
| control field |
20201204103433.0 |
| 008 - FIXED-LENGTH DATA ELEMENTS--GENERAL INFORMATION |
| fixed length control field |
040316s2003 enka b 000 0 eng d |
| 010 ## - LIBRARY OF CONGRESS CONTROL NUMBER |
| LC control number |
2004401846 |
| 020 ## - INTERNATIONAL STANDARD BOOK NUMBER |
| International Standard Book Number |
0850927358 |
| 035 ## - SYSTEM CONTROL NUMBER |
| System control number |
(OCoLC)ocm54702354 |
| 040 ## - CATALOGING SOURCE |
| Original cataloging agency |
VYF |
| Modifying agency |
VYF |
| -- |
OCLCQ |
| Transcribing agency |
DLC |
| Modifying agency |
DLC |
| 043 ## - GEOGRAPHIC AREA CODE |
| Geographic area code |
b------ |
| 050 00 - LIBRARY OF CONGRESS CALL NUMBER |
| Classification number |
HQ 1101 |
| Item number |
BUD 2003 |
| 100 1# - MAIN ENTRY--PERSONAL NAME |
| Personal name |
Budlender, Debbie. |
| 245 10 - TITLE STATEMENT |
| Title |
Engendering budgets : |
| Remainder of title |
a practitioners' guide to understanding and implementing gender-responsive budgets / |
| Statement of responsibility, etc. |
Debbie Budlender and Guy Hewitt. |
| 260 ## - PUBLICATION, DISTRIBUTION, ETC. |
| Place of publication, distribution, etc. |
London : |
| Name of publisher, distributor, etc. |
Commonwealth Secretariat, |
| Date of publication, distribution, etc. |
2003. |
| 300 ## - PHYSICAL DESCRIPTION |
| Extent |
viii, 100 p. : |
| Other physical details |
ill. ; |
| Dimensions |
25 cm. |
| 440 #0 - SERIES STATEMENT/ADDED ENTRY--TITLE |
| Title |
New gender mainstreaming series on development issues |
| 504 ## - BIBLIOGRAPHY, ETC. NOTE |
| Bibliography, etc. note |
Includes bibliographical references (p. 97-100). |
| 650 #0 - SUBJECT ADDED ENTRY--TOPICAL TERM |
| Topical term or geographic name entry element |
Budget |
| General subdivision |
Social aspects |
| Geographic subdivision |
Commonwealth countries. |
| 650 #0 - SUBJECT ADDED ENTRY--TOPICAL TERM |
| Topical term or geographic name entry element |
Sex discrimination |
| Geographic subdivision |
Commonwealth countries. |
| 650 #0 - SUBJECT ADDED ENTRY--TOPICAL TERM |
| Topical term or geographic name entry element |
Women |
| General subdivision |
Government policy |
| Geographic subdivision |
Commonwealth countries. |
| 650 #0 - SUBJECT ADDED ENTRY--TOPICAL TERM |
| Topical term or geographic name entry element |
Women |
| General subdivision |
Services for |
| Geographic subdivision |
Commonwealth countries |
| General subdivision |
Finance. |
| 650 #0 - SUBJECT ADDED ENTRY--TOPICAL TERM |
| Topical term or geographic name entry element |
Women in development |
| Geographic subdivision |
Commonwealth countries. |
| 700 1# - ADDED ENTRY--PERSONAL NAME |
| Personal name |
Hewitt, Guy. |
| 710 2# - ADDED ENTRY--CORPORATE NAME |
| Corporate name or jurisdiction name as entry element |
Commonwealth Secretariat. |
| 856 41 - ELECTRONIC LOCATION AND ACCESS |
| Materials specified |
Table of contents |
| Uniform Resource Identifier |
<a href="http://www.loc.gov/catdir/toc/fy046/2004401846.html">http://www.loc.gov/catdir/toc/fy046/2004401846.html</a> |
| 906 ## - LOCAL DATA ELEMENT F, LDF (RLIN) |
| a |
7 |
| b |
cbc |
| c |
copycat |
| d |
2 |
| e |
ncip |
| f |
20 |
| g |
y-gencatlg |
| 942 ## - ADDED ENTRY ELEMENTS (KOHA) |
| Source of classification or shelving scheme |
Library of Congress Classification |
| Koha item type |
Books |
| Classification part |
1101 |
| Item part |
BUD |
| Call number prefix |
HQ |